01164nab a2200325 uc450000100070000000500170000700800410002403500110006503500210007604000130009704100080011010000350011824500880015365000440024165000320028565000310031765000420034865000350039065000440042565000160046965000310048565000230051665000230053965000180056265000320058065000290061265000440064170000360068577301170072187146820260216144343.0040423s2003 eng  a871468 a(OCoLC)820104835 ccomduadb aeng10aBongartz, Christiane4auteaut10aLinguistic development in social contexts : a study of two brothers learning german 7aAdquisición de segundo lenguaje2lemb aHabilidad verbal en niños aVerbal ability in children 7aInteracción social en niños2lemb aSocial interaction in children 7aActos del habla (Lingüística)2lemb aSpeech acts aComportamiento linguistico aLanguage behaviour 0aJuegos de lenguaje aLanguage play aGerman language acquisition aAlemán - Adquisición 7aAdquisición de segundo lenguaje2lemb10aSchneider, Melanie L.4auteaut0 tThe Modern Language Journal (Estados Unidos)gVol. 87, No. 01, Spring, 2003, p. 13-37w683727x0026-79020204738